| 000 | 00442nam a2200157Ia 4500 | ||
|---|---|---|---|
| 008 | 131103s9999 xx 000 0 und d | ||
| 040 | _aLoreto College | ||
| 041 | _aEnglish | ||
| 082 |
_a891.44/CHA _bLCLIB/Bnsem/16871 |
||
| 245 |
_aMadhusudan o uttarkal _cedited by Birendra Chatterjee |
||
| 260 |
_aCalcutta _bIndiana _c1962 |
||
| 300 |
_a162p _c 22cm |
||
| 650 | _aDutta, Madhusudan | ||
| 651 | _aChatterjee, Birendra, ed. | ||
| 942 | _cBK | ||
| 999 |
_c20020 _d70499 |
||